000
00201nam a22000857a 4500
008
161108b xxu||||| |||| 00| 0 eng d
100
_9
1049
_a
Gupta
245
_a
Little toys
260
_a
New Delhi
_b
A B T
_c
2005
999
_c
3704
_d
3704